The hidden killer (Record no. 70032)
[ view plain ]
| 000 -LEADER | |
|---|---|
| fixed length control field | 01235cam a2200217 4500 |
| 001 - CONTROL NUMBER | |
| control field | ABS65314 |
| 008 - FIXED-LENGTH DATA ELEMENTS--GENERAL INFORMATION | |
| fixed length control field | 020422n2002 000 0 eng u |
| 035 ## - SYSTEM CONTROL NUMBER | |
| System control number | (Sirsi) u117608 |
| 100 ## - MAIN ENTRY--PERSONAL NAME | |
| Personal name | Murphy, B |
| 245 #4 - TITLE STATEMENT | |
| Title | The hidden killer |
| 260 ## - PUBLICATION, DISTRIBUTION, ETC. | |
| Date of publication, distribution, etc. | 2002 |
| 490 ## - SERIES STATEMENT | |
| Series statement | Building |
| Volume/sequential designation | 267(8226) 22 March 2002, 52-53(2) |
| 520 ## - SUMMARY, ETC. | |
| Summary, etc. | Asbestos can still be found in 4.4m buildings and continues to pose serious health risks. Article highlights the common parts of a building where asbestos resides and discusses revisions to the Control of Asbestos at Work Regulations 1987 which introduce a legal duty to manage asbestos. To comply with the new regulations, building owners and operators should take several steps from conducting a survey to identify asbestos to creating a plan to manage, control and monitor the risk. Advises organisations to take a proactive approach and prepare over the next two years for the introduction of the amended regulations. |
| 590 ## - LOCAL NOTE (RLIN) | |
| Local note | ABS |
| 650 ## - SUBJECT ADDED ENTRY--TOPICAL TERM | |
| Topical term or geographic name entry element | MANAGEMENT-HEALTH AND SAFETY-HAZARDOUS SUBSTANCES-ASBESTOS |
| 650 ## - SUBJECT ADDED ENTRY--TOPICAL TERM | |
| Topical term or geographic name entry element | BUILDING SURVEYS |
| 650 ## - SUBJECT ADDED ENTRY--TOPICAL TERM | |
| Topical term or geographic name entry element | RISK MANAGEMENT |
| 650 ## - SUBJECT ADDED ENTRY--TOPICAL TERM | |
| Topical term or geographic name entry element | CONTROL OF ASBESTOS AT WORK REGULATIONS 1987 |
| 690 ## - LOCAL SUBJECT ADDED ENTRY--TOPICAL TERM (OCLC, RLIN) | |
| Topical term or geographic name as entry element | BUILT ENVIRONMENT-BUILDING STANDARDS |
| 942 ## - ADDED ENTRY ELEMENTS (KOHA) | |
| Suppress in OPAC | 0 |
| Withdrawn status | Lost status | Source of classification or shelving scheme | Damaged status | Not for loan | Home library | Current library | Shelving location | Date acquired | Total Checkouts | Full call number | Barcode | Date last seen | Copy number | Price effective from | Koha item type |
|---|---|---|---|---|---|---|---|---|---|---|---|---|---|---|---|
| Dewey Decimal Classification | London | London | Journal article | 22/04/2002 | ABS65314 | 117608-1001 | 06/08/2019 | 1 | 06/08/2019 | Journal article |